Allemagne - Joueurs emblématiques - Statistiques

Statistiques générales
  • Ce quiz a été pris 206 fois
  • Le résultat moyen est 16 sur 30
Statistiques - réponses
Indices Joueur % Correct
Meilleur buteur du Bayern Munich avec 565 buts, vainqueur de la Coupe du Monde 1974, ballon d’or 1970 Gerd Müller
98%
3ème meilleur buteur du Bayern Munich, 100 sélections en équipe nationale, 10 buts en Coupe du Monde Thomas Müller
98%
Gardien connu pour ses sorties spectaculaires, vainqueur de la Coupe du Monde 2014, gardien de l’année 2013, 2014 et 2015 Manuel Neuer
92%
Meilleur buteur de l’histoire de la Coupe du Monde, réputé pour son jeu de tête efficace, vainqueur de la Coupe du Monde 2014 Miroslav Klose
87%
Vainqueur du doublé Euro-Coupe du Monde en 1972 et 1974 en tant que capitaine, vainqueur de la Coupe du Monde 1990 en tant que sélectionneur, ballon d’or 1972 et 1976 Franz Beckenbauer
85%
Légende du Bayern Munich avec 8 championnats remportés et 6 coupes d’Allemagne, Gardien réputé pour son tempérament explosif, vainqueur de la Ligue des Champions 2001 Oliver Kahn
85%
Milieu de terrain d’origine turque réputé pour sa qualité de passe exceptionnelle, vainqueur d’un championnat d’Espagne en 2012 avec le Real Madrid et de 3 coupes d’Angleterre avec Arsenal Mesut Özil
83%
Défenseur très complet capable de jouer latéral gauche mais aussi milieu défensif, joueur n’ayant jamais pris un carton rouge en 15 ans de carrière, vainqueur de la Coupe du Monde 2014 Philipp Lahm
79%
Joueur du Real Madrid considéré comme l’un des meilleurs à son poste, vainqueur de la Coupe du Monde 2014, vainqueur de 4 Ligue des Champions Toni Kroos
79%
Unique buteur de la finale de la Coupe un Monde 2014, Plus jeune joueur appelé en sélection depuis 1954, vainqueur de 5 championnats d’Allemagne Mario Gotze
72%
Capitaine de l’Allemagne entre 2004 et 2010, milieu de terrain réputé pour marquer très souvent avec 42 buts en sélection et 143 en club, champion d’Angleterre 2010 avec Chelsea Michael Ballack
67%
Joueur le plus capé de la sélection, entraîneur ayant coaché 7 équipes différentes, vainqueur de 7 championnats d’Allemagne avec le Bayern Lothar Matthäus
65%
Joueur passé par l’Olympique de Marseille, 4ème meilleur buteur de la sélection, vainqueur de la Ligue des Champions 1993 Rudi Völler
65%
3ème meilleur buteur du Borussia Dortmund, finaliste de la Ligue des Champions 2013, meilleur joueur de Bundesliga 2012 et 2014 Marco Reus
64%
Joueur comptant 500 matchs pour le Bayern, milieu de terrain très polyvalent capable de jouer en défense, vainqueur de la Coupe du Monde 2014 Bastian Schweinsteiger
63%
Joueur le plus capé de Cologne, gardien auteur d’une sortie très agressive non sanctionnée sur Battiston lors de France-Allemagne 1982, considérée comme l’une des plus grande injustice de l’histoire du football Harald Schumacher
60%
Plus de 250 matchs en Bundesliga en tant que joueur, sélectionneur de l’equipe nationale depuis 2006, entraîneur de l’année en 2010 Joachim Low
54%
Buteur ambidextre passé par Stuttgart, le Bayern et la Fiorentina, 31 buts en sélection, finaliste de l’Euro 2008 Mario Gomez
48%
2ème meilleur buteur du Bayern Munich, finaliste des Coupes du Monde 1982 et 1986, ballon d’or 1980 et 1981 Karl-Heinz Rummenigge
46%
Gardien comptant 300 matchs pour Schalke 04 et 2 buts, champion d’Angleterre 2004 avec Arsenal, finaliste de la Coupe du Monde 2002 Jens Lehmann
45%
Buteur très habile face au but passé par Monaco, 47 buts en sélection, vainqueur de la Coupe du Monde 1990 Jurgen Klinsmann
43%
Joueur le plus capé du Bayern Munich, gardien le plus capé de la sélection, vainqueur de la Coupe du Monde 1974 Sepp Maier
33%
Buteur lors de 2 finales de Coupe du Monde 1974 et 1982, défenseur latéral connu pour sa puissance physique et sa frappe puissante mais aussi son côté extravagant et médiatique, vainqueur de la C1 1974 Paul Breitner
26%
Unique buteur de la finale de la Coupe du Monde 1990, vainqueur de la Coupe UEFA 1991 avec l’Inter Milan, vainqueur de la Coupe du Monde 1990 Andreas Brehme
25%
Joueur très physique réputé pour son jeu de tête, footballeur allemand de l’année en 1998, champion d’Italie en 1999 avec l’AC Milan Oliver Bierhoff
24%
Meilleur buteur du Borussia M’Gladbach, vainqueur de la Coupe du Monde 1974, reconverti en entraîneur passé par le Bayern Munich, le Real Madrid ou encore l’Athletic Bilbao Jupp Heynckes
22%
Meilleur buteur de Hambourg avec plus de 500 buts, rare joueur à avoir marqué dans 4 Coupes du Monde différentes, vainqueur du championnat d’Allemagne 1960 Uwe Seeler
15%
Meilleur buteur de Schalke 04, auteur de 32 buts en 45 sélections avec l’équipe nationale, finaliste de la Coupe du Monde 1982 Klaus Fischer
10%
Milieu de terrain ayant évolué au Real Madrid, vainqueur du doublé Euro-Coupe du Monde 1972-1974, 3 fois champion d’Allemagne avec Hambourg en tant qu’entraineur Gunter Netzer
8%
Joueur le plus capé et meilleur buteur du FC Kaiserslautern, 33 buts en 61 sélections, vainqueur de la Coupe du Monde 1954 Fritz Walter
6%
Aucun quiz correspondant
Distribution des résultats
% des personnes avec chaque résultat
Percentile par nombre de réponses
Votre historique - résultats
Vous n’avez pas pris ce quiz